Taiwan : A unique colonial record

Sparad:
Bibliografiska uppgifter
Materialtyp: Bok
Språk:Undetermined
Publicerad: Tokyo Kokusai Nippon Kyokai 1938
Ämnen:
Taggar: Lägg till en tagg
Inga taggar, Lägg till första taggen!
Thư viện lưu trữ: Trung tâm Học liệu Trường Đại học Cần Thơ
LEADER 00490nam a2200181Ia 4500
001 CTU_218808
008 210402s9999 xx 000 0 und d
082 |a 951.24 
082 |b T135 
245 0 |a Taiwan : 
245 2 |b A unique colonial record 
260 |a Tokyo 
260 |b Kokusai Nippon Kyokai 
260 |c 1938 
650 |a Đài Loan,Taiwan 
650 |x Lịch sử,History 
904 |i Bích Trâm, Tuyến 
980 |a Trung tâm Học liệu Trường Đại học Cần Thơ